000 00880nmc a2200289 a 4500
003 AR-BaBNM
005 20251128204909.0
008 166019s1988 ||||||||||||||000 | spa||
020 _a84-277-0811-4
040 _cAR-BaBNM
100 1 _aD'Hainaut, Louis
245 1 0 _aLos sistemas educativos
_bsu análisis y regulación
260 _aMadrid
_bNarcea
_c1988
300 0 _a126 p.
_bdiagr.
490 0 _aEducación hoy
500 1 _aUNESCO: Organización de las Naciones Unidas para la Educación, la Ciencia y la Cultura
504 _aBibliografía: p. 124-126
650 4 _aORGANIZACION DE LA EDUCACION
650 4 _aSISTEMAS EDUCACIONALES
650 4 _aTOMA DE DECISIONES
650 4 _aSOLUCION DE PROBLEMAS
653 0 _aSISTEMA EDUCATIVO
653 0 _aGESTION INSTITUCIONAL
700 1 _aBarangúan, Juana María
_etraductor
942 _cBK
998 _csilvi
999 _c9243
_d9243